Trouvez le département de naissance de ces personnalités #10 - Statistiques

Statistiques générales
  • Ce quiz a été pris 12 fois
  • Le résultat moyen est 9 sur 15
Statistiques - réponses
Personnalités Département % Correct
Anne de Bretagne, Jules Verne Loire-Atlantique
92%
Nolwenn Leroy, René Laënnec Finistère
83%
Georges Boulanger, François-Henri Pinault Ille-et-Vilaine
83%
Henri Matisse, Benjamin Pavard Nord
83%
Alphonse Daudet, Julien Doré Gard
75%
Alain Prost, Cédric Grolet Loire
75%
Auguste Blanqui, Eric Ciotti Alpes-Maritimes
67%
Marie-José Pérec, Teddy Riner Guadeloupe
67%
Serge Lama, Jacques Cousteau Gironde
58%
Antoine Fouquier-Tinville, Jean de la Fontaine Aisne
42%
Chevalier Bayard, Louis Bielle-Biarrey Isère
42%
Édouard Daladier, Christophe Maé Vaucluse
42%
Félix Kir, Buffon Côte-d'or
33%
François Ier, Jean Monnet Charente
17%
Pierre de Fermat, Jean de Valette Tarn-et-Garonne
17%
Aucun quiz correspondant
Distribution des résultats
% des personnes avec chaque résultat
Percentile par nombre de réponses
Votre historique - résultats
Vous n’avez pas pris ce quiz